Ukraine UEFA European Championships XIs - Statistics

General Stats
  • This quiz has been taken 74 times
  • The average score is 12 of 33
Answer Stats
Answer % Correct
Andriy Yarmolenko
87%
Oleksandr Zinchenko
87%
Andriy Shevchenko
80%
Mykhailo Mudryk
75%
Artem Dovbyk
68%
Roman Yaremchuk
67%
Andriy Pyatov
65%
Vitaliy Mykolenko
60%
Taras Stepanenko
58%
Yevhen Konoplyanka
58%
Anatoliy Trubin
57%
Illya Zabarnyi
57%
Ruslan Malinovskyi
45%
Mykola Shaparenko
40%
Heorhiy Sudakov
35%
Anatoliy Tymoshchuk
30%
Heorhiy Bushchan
27%
Andriy Voronin
25%
Mykola Matviyenko
23%
Serhiy Sydorchuk
23%
Yaroslav Rakitskiy
22%
Oleksandr Tymchyk
20%
Oleksandr Karavayev
17%
Volodymyr Brazhko
17%
Roman Zozulya
15%
Yevhen Khacheridi
12%
Artem Fedetskyi
10%
Vyacheslav Shevchuk
10%
Oleh Husiev
8%
Serhiy Nazarenko
8%
Taras Mykhalyk
8%
Yevhen Selin
8%
Viktor Kovalenko
7%
No matching quizzes found
Score Distribution
Percent of People with Each Score
Percentile by Number Answered
Your Score History
You have not taken this quiz